000 00350 a2200109 4500
001 ART_13751
005 20260410161910.0
008 260409a
245 1 0 _aDistribución del ingreso y consumo de alimentos en México
100 1 _aLustig, Nora
773 0 _tDemografía y economía
_g- Vol. XIV, Nº42 (abr./jun. 1980)
_wREV13200
999 _c26752
_d26752